000 00490nam a2200193Ia 4500
005 20240823031116.0
008 240823s9999||||xx |||||||||||||| ||und||
020 _a978-0-07-026362-8
041 _aENGLISH
082 _A658.4012 Q1
100 _aAzhar Kazmi
245 0 _aStrategic Management and Business Policy
250 _a3rd
260 _c2011
_bThe McGraw- Hill Comp
500 _aYES
650 _astrategic Management
_bManagement Studies
942 _cBK
999 _c190291
_d190291